| 000 | 00550nam a22001937a 4500 | ||
|---|---|---|---|
| 003 | OSt | ||
| 005 | 20240514154427.0 | ||
| 008 | 240514b |||||||| |||| 00| 0 eng d | ||
| 020 | _a1580538320 | ||
| 040 | _cDDC | ||
| 082 |
_2Third Edition _a537.6 TAF 2005 |
||
| 100 | _4Hagness Suzan C., Taflove Allen | ||
| 245 | _aComputational Electrodynamics: The Finite-Difference Time- Domain Method . | ||
| 260 |
_aLandon _bArtech House _c2005 |
||
| 300 |
_axxii;1006, _bill, _c25.9cm. |
||
| 504 | _a Index | ||
| 650 |
_aPhysics _9809 |
||
| 942 |
_2ddc _cO_SHELF |
||
| 999 |
_c8332 _d8332 |
||